000 00850nam a2200217Ia 4500
008 0000001988 sp a 0000000000spa00
090 _aPSP00 A75o
100 1 _aArnáiz, José Manuel
245 1 0 _aObras de Joaquín Sorolla
_c/ textos de José Manuel Arnáiz
300 _a[36] p.
_c/ 28 cm.
500 _aExposición realizada en el Monasterio de Antiguedades José Antonio Fernández Pérez de Madrid, España en 1988
600 0 0 _a SOROLLA, JOAQUIN, 18631923/
_xTRABAJOS PICTORICOS
650 1 4 _aARTE CONTEMPORANEO ESPAÑOL
650 1 4 _aARTISTAS PLASTICOS ESPAÑOLES EXPOSIONES
650 1 4 _xCATALOGOS
650 1 4 _xEXPOSICIONES
650 1 4 _aPINTORES ESPAÑOLES
650 1 4 _aPINTURA AL OLEO
650 1 4 _aPINTURA ESPAÑOLA
999 _c14932
_d14932
260 _aMadrid : Monasterio de Antiguedades José Antonio Fernández Pérez
_c1988